[Event "BCF-chT 2122 (4NCL)"]
[Site "England"]
[Date "2021.11.28"]
[Round "2.72"]
[White "Gerlagh, Joris"]
[Black "Golding, James"]
[Result "1-0"]
[WhiteElo "2276"]
[BlackElo "2075"]
[PlyCount "103"]
[EventDate "2021.11.27"]
[EventType "team-swiss"]
[EventRounds "11"]
[EventCountry "ENG"]
[SourceTitle "EXT 2023"]
[Source "ChessBase"]
[SourceDate "2022.10.05"]
[SourceVersion "1"]
[SourceVersionDate "2022.10.05"]
[SourceQuality "1"]
[WhiteTeam "Oxford"]
[BlackTeam "Guildford Castles"]
[WhiteTeamCountry "ENG"]
[BlackTeamCountry "ENG"]

1. d4 d5 2. c4 e6 3. Nf3 Nf6 4. g3 Be7 5. Bg2 0-0 6. 0-0 dxc4 7. Qc2 a6 8. Qxc4 b5 9. Qc2 Bb7 10. Bd2 Nc6 11. e3 Nb4 12. Bxb4 Bxb4 13. Nbd2 Rc8 14. a3 Bxd2 15. Qxd2 c5 16. dxc5 Qxd2 17. Nxd2 Bxg2 18. Kxg2 Rxc5 19. Rac1 Rfc8 20. Nb3 Rc2 21. Rxc2 Rxc2 22. Rc1 Rxc1 23. Nxc1 Ne4 24. Nb3 Nd6 25. Nc5 a5 26. Kf3 Kf8 27. Ke2 Nc4 28. a4 bxa4 29. Nxa4 Ke7 30. b3 Nd6 31. Nc5 Kd8 32. Kd3 Kc7 33. Kd4 Kc6 34. Nd3 Kb5 35. e4 Nb7 36. f3 Nd8 37. f4 Nc6+ 38. Kc3 f6 39. Nb2 e5 40. Nc4 exf4 41. gxf4 Kc5 42. Nxa5 Ne7 43. b4+ Kb5 44. Nb3 Ng6 45. Nd4+ Kb6 46. Ne6 Kb5 47. f5 Ne5 48. Nxg7 Ng4 49. Nh5 h6 50. h3 Nf2 51. Nxf6 Nxh3 52. e5 1-0

[Event "BCF-chT2b 1920 (4NCL)"]
[Site "Daventry"]
[Date "2020.03.01"]
[Round "2.52"]
[White "Gerlagh, Joris"]
[Black "Purton, Benjamin"]
[Result "1/2-1/2"]
[WhiteElo "2265"]
[BlackElo "2138"]
[PlyCount "54"]
[EventDate "2020.01.11"]
[EventType "team-tourn"]
[EventRounds "11"]
[EventCountry "ENG"]
[SourceTitle "CBM 195 Extra"]
[Source "ChessBase"]
[SourceDate "2020.05.31"]
[SourceVersion "1"]
[SourceVersionDate "2020.05.31"]
[SourceQuality "1"]
[WhiteTeam "Oxford"]
[BlackTeam "Grantham Sharks II"]
[WhiteTeamCountry "ENG"]
[BlackTeamCountry "ENG"]

1. d4 Nf6 2. c4 g6 3. g3 Bg7 4. Bg2 0-0 5. Nc3 c5 6. Nf3 cxd4 7. Nxd4 Nc6 8. 0-0 Ng4 9. e3 Nge5 10. b3 d6 11. Bb2 Bg4 12. Nxc6 bxc6 13. f3 Bd7 14. Qe2 f5 15. h3 Qa5 16. Rac1 Nf7 17. Rfd1 e5 18. a3 Qc7 19. b4 f4 20. gxf4 exf4 21. Ne4 Ne5 22. Rxd6 fxe3 23. Rcd1 Bf5 24. Nc5 Rae8 25. f4 Nf7 26. Bxg7 Kxg7 27. R6d4 Re7 1/2-1/2

[Event "Birmingham op"]
[Site "Birmingham"]
[Date "2020.02.22"]
[Round "3"]
[White "Moss, Guy"]
[Black "Gerlagh, Joris"]
[Result "1/2-1/2"]
[WhiteElo "2190"]
[BlackElo "2265"]
[PlyCount "85"]
[EventDate "2020.02.22"]
[EventType "team-swiss"]
[EventRounds "5"]
[EventCountry "ENG"]
[SourceTitle "CBM 195 Extra"]
[Source "ChessBase"]
[SourceDate "2020.05.31"]
[SourceVersion "1"]
[SourceVersionDate "2020.05.31"]
[SourceQuality "1"]
[WhiteTeam "Warwick"]
[BlackTeam "Oxford"]
[WhiteTeamCountry "ENG"]
[BlackTeamCountry "ENG"]

1. e4 c5 2. Nf3 e6 3. d4 cxd4 4. Nxd4 Nc6 5. Nc3 Qc7 6. Be3 a6 7. Qd2 Nf6 8. f3 Bb4 9. a3 Be7 10. Be2 d5 11. exd5 exd5 12. g4 Be6 13. g5 Nd7 14. f4 Nxd4 15. Bxd4 f6 16. 0-0-0 Bd6 17. Rhf1 0-0-0 18. Bxa6 bxa6 19. Qe2 Qc6 20. b4 Rhe8 21. Qg2 Nb6 22. f5 Bf7 23. gxf6 Nc4 24. fxg7 Ne3 25. Bxe3 Qxc3 26. Rd3 Qc4 27. Bd4 Kb7 28. Kb2 Re4 29. Rfd1 Rc8 30. Rc3 Rxd4 31. Rxc4 Rdxc4 32. Rd2 Be5+ 33. Kb1 Re4 34. Rd1 Rg8 35. c4 Rxg7 36. Qh1 Re2 37. Rxd5 Bxd5 38. Qxd5+ Kc7 39. Qc5+ Kd7 40. Qa7+ Ke8 41. Qa8+ Kf7 42. Qd5+ Ke8 43. Qa8+ 1/2-1/2

[Event "Birmingham op"]
[Site "Birmingham"]
[Date "2020.02.22"]
[Round "1"]
[White "Teh, Eu Wen Aron"]
[Black "Gerlagh, Joris"]
[Result "1/2-1/2"]
[WhiteElo "2263"]
[BlackElo "2265"]
[PlyCount "44"]
[EventDate "2020.02.22"]
[EventType "team-swiss"]
[EventRounds "5"]
[EventCountry "ENG"]
[SourceTitle "CBM 195 Extra"]
[Source "ChessBase"]
[SourceDate "2020.05.31"]
[SourceVersion "1"]
[SourceVersionDate "2020.05.31"]
[SourceQuality "1"]
[WhiteTeam "Imperial"]
[BlackTeam "Oxford"]
[WhiteTeamCountry "ENG"]
[BlackTeamCountry "ENG"]

1. d4 b6 2. Nf3 Bb7 3. g3 e6 4. Bg2 Nf6 5. c4 Bb4+ 6. Nbd2 0-0 7. 0-0 d5 8. Ne5 c5 9. a3 Bxd2 10. Bxd2 Nbd7 11. Bg5 h6 12. Nxd7 Qxd7 13. Bxf6 gxf6 14. dxc5 bxc5 15. cxd5 Bxd5 16. e4 Bc6 17. Qh5 Qd2 18. Rad1 Qg5 19. Qxg5+ fxg5 20. Rd6 Bb5 21. Rc1 Rad8 22. Rxd8 Rxd8 1/2-1/2

[Event "Lanzarote op"]
[Site "Lanzarote"]
[Date "2018.06.26"]
[Round "4"]
[White "Gerlagh, Joris"]
[Black "Garcia Blanco, Omar"]
[Result "1-0"]
[WhiteElo "2205"]
[BlackElo "2326"]
[PlyCount "93"]
[EventDate "2018.06.25"]
[EventType "swiss"]
[EventRounds "9"]
[EventCountry "ESP"]
[SourceTitle "CBM 185 Extra"]
[Source "ChessBase"]
[SourceDate "2018.07.29"]
[SourceVersion "1"]
[SourceVersionDate "2018.07.29"]
[SourceQuality "1"]

1. e4 c5 2. Nf3 e6 3. d4 cxd4 4. Nxd4 Nc6 5. Nc3 Qc7 6. Be3 a6 7. Be2 Nf6 8. 0-0 Be7 9. f4 d6 10. Qe1 0-0 11. Qg3 Nxd4 12. Bxd4 b5 13. a3 Bb7 14. Kh1 Rfe8 15. Rae1 Bc6 16. e5 dxe5 17. Bxe5 Qb7 18. f5 exf5 19. Rxf5 Rad8 20. Bxf6 Bxg2+ 21. Qxg2 Qxg2+ 22. Kxg2 Bxf6 23. Kf3 Rd2 24. Rxf6 gxf6 25. Ne4 Rxe4 26. Kxe4 Rxc2 27. b3 Ra2 28. Kf5 Kg7 29. h3 Rxa3 30. Rg1+ Kf8 31. Kxf6 Ra2 32. Bg4 Rc2 33. Bd7 Rd2 34. Bf5 Rd6+ 35. Ke5 Rc6 36. b4 h5 37. Rd1 Kg7 38. Rd6 Rc4 39. Rd4 Rc1 40. h4 a5 41. bxa5 Ra1 42. Rd7 Rxa5 43. Be6 Ra4 44. Rxf7+ Kg6 45. Rb7 Rxh4 46. Bf5+ Kg5 47. Rg7+ 1-0

[Event "British Universities-ch"]
[Site "Telford"]
[Date "2018.02.24"]
[Round "3.2"]
[White "Teh, Eu Wen Aron"]
[Black "Gerlagh, Joris"]
[Result "1/2-1/2"]
[WhiteElo "2289"]
[BlackElo "2217"]
[PlyCount "67"]
[EventDate "2018.02.24"]
[EventType "team-swiss"]
[EventRounds "5"]
[EventCountry "ENG"]
[SourceTitle "CBM 183 Extra"]
[Source "ChessBase"]
[SourceDate "2018.04.19"]
[SourceVersion "1"]
[SourceVersionDate "2018.04.19"]
[SourceQuality "1"]
[WhiteTeam "Imperial"]
[BlackTeam "Oxford"]
[WhiteTeamCountry "ENG"]
[BlackTeamCountry "ENG"]

1. d4 Nf6 2. c4 g6 3. Nc3 d5 4. cxd5 Nxd5 5. e4 Nxc3 6. bxc3 Bg7 7. Nf3 c5 8. Rb1 0-0 9. Be2 b6 10. 0-0 Nd7 11. Re1 Nf6 12. Bd3 Bg4 13. d5 Nd7 14. c4 Ne5 15. Be2 Nxf3+ 16. Bxf3 Bxf3 17. Qxf3 Qd6 18. Qg3 e5 19. a4 f5 20. a5 bxa5 21. Ba3 Rab8 22. Qe3 Rxb1 23. Rxb1 Rb8 24. Re1 Bf8 25. g3 a4 26. Qc1 f4 27. Qa1 fxg3 28. hxg3 Bg7 29. Bb2 Rb4 30. f4 Rxc4 31. Bxe5 Bxe5 32. fxe5 Qe7 33. Qa2 Qxe5 34. Qxc4 1/2-1/2

[Event "BCF-chT1b 1617 (4NCL)"]
[Site "England"]
[Date "2017.03.04"]
[Round "7.86"]
[White "Gerlagh, Joris"]
[Black "Moss, Guy"]
[Result "1/2-1/2"]
[WhiteElo "2288"]
[BlackElo "2052"]
[PlyCount "139"]
[EventDate "2016.11.19"]
[EventType "team-tourn"]
[EventRounds "7"]
[EventCountry "ENG"]
[SourceTitle "EXT 2018"]
[Source "ChessBase"]
[SourceDate "2017.10.13"]
[SourceVersion "1"]
[SourceVersionDate "2017.10.13"]
[SourceQuality "1"]
[WhiteTeam "Oxford"]
[BlackTeam "Barbican II"]
[WhiteTeamCountry "ENG"]
[BlackTeamCountry "ENG"]

1. d4 d5 2. c4 c6 3. Nf3 Nf6 4. g3 Bf5 5. Bg2 e6 6. 0-0 h6 7. Nc3 Nbd7 8. Nd2 Be7 9. Re1 0-0 10. e4 dxe4 11. Ndxe4 Nb6 12. b3 Re8 13. Bb2 Qc7 14. Qe2 Rad8 15. Rad1 Nbd7 16. h3 a6 17. Qf3 Bg6 18. Nxf6+ Nxf6 19. d5 exd5 20. cxd5 cxd5 21. Nxd5 Nxd5 22. Rxd5 Bf8 23. Rc1 Qb6 24. Rxd8 Rxd8 25. Qxb7 Qxb7 26. Bxb7 Rd2 27. Be5 Ba3 28. Rc8+ Kh7 29. g4 Rxa2 30. f4 Bd3 31. Rc3 f6 32. Bd4 Bg6 33. f5 Bf7 34. Rc7 Kg8 35. Bxa6 Bxb3 36. Rb7 Bd5 37. Rd7 Bb3 38. Rb7 Bd5 39. Rb5 Bf7 40. Rb8+ Kh7 41. Rb7 Bd6 42. Rxf7 Rxa6 43. Kg2 Kg8 44. Rd7 Bf8 45. Rd8 Kf7 46. Rd7+ Ke8 47. Rb7 Rd6 48. Rb8+ Rd8 49. Rxd8+ Kxd8 50. Kf3 Kd7 51. Ke4 Kc6 52. Bb2 Bd6 53. Bc3 Bc5 54. Be1 Bd6 55. h4 Be7 56. Bc3 Bd6 57. g5 hxg5 58. hxg5 Be7 59. g6 Bf8 60. Bb2 Be7 61. Bd4 Bf8 62. Bc3 Be7 63. Ba5 Bf8 64. Bd8 Kd7 65. Bb6 Kc6 66. Ba5 Be7 67. Kd4 Bf8 68. Kc4 Be7 69. Bd2 Bf8 70. Bc3 1/2-1/2

[Event "Groningen op-A 54th"]
[Site "Groningen"]
[Date "2016.12.28"]
[Round "7"]
[White "De Jong, Migchiel"]
[Black "Gerlagh, Joris"]
[Result "1-0"]
[WhiteElo "2331"]
[BlackElo "2269"]
[PlyCount "91"]
[EventDate "2016.12.21"]
[EventType "swiss"]
[EventRounds "9"]
[EventCountry "NED"]
[SourceTitle "CBM 176 Extra"]
[Source "ChessBase"]
[SourceDate "2017.03.02"]
[SourceVersion "1"]
[SourceVersionDate "2017.03.02"]
[SourceQuality "1"]

1. e4 b6 2. d4 Bb7 3. Bd3 c5 4. d5 e6 5. c4 b5 6. dxe6 dxe6 7. cxb5 Nf6 8. Nc3 Nbd7 9. Nf3 Qc7 10. Qe2 Rd8 11. 0-0 Bd6 12. h3 Ne5 13. Nxe5 Bxe5 14. a4 0-0 15. f4 Bd4+ 16. Kh2 e5 17. f5 c4 18. Bc2 a6 19. Bg5 axb5 20. Bxf6 gxf6 21. Nxb5 Qc5 22. Qg4+ Kh8 23. Qh4 Qe7 24. Nc3 Rg8 25. a5 Rg5 26. a6 Ba8 27. Nd5 Qd6 28. Ra5 Rdg8 29. Kh1 Bxd5 30. exd5 Rxg2 31. Be4 Rg1+ 32. Rxg1 Rxg1+ 33. Kh2 Qb6 34. b4 Qxb4 35. Qxf6+ Kg8 36. Ra2 Qe1 37. Qd8+ Kg7 38. f6+ Kh6 39. Qf8+ Kg5 40. Qg7+ Kf4 41. Bg2 Qh4 42. a7 Rd1 43. Bf3 Bg1+ 44. Kg2 Ra1 45. a8Q Bd4 46. Qg4+ 1-0

[Event "Groningen op-A 54th"]
[Site "Groningen"]
[Date "2016.12.27"]
[Round "6"]
[White "Gerlagh, Joris"]
[Black "Swayams, Mishra"]
[Result "1-0"]
[WhiteElo "2269"]
[BlackElo "2473"]
[PlyCount "73"]
[EventDate "2016.12.21"]
[EventType "swiss"]
[EventRounds "9"]
[EventCountry "NED"]
[SourceTitle "CBM 176 Extra"]
[Source "ChessBase"]
[SourceDate "2017.03.02"]
[SourceVersion "1"]
[SourceVersionDate "2017.03.02"]
[SourceQuality "1"]

1. d4 Nf6 2. Nf3 e6 3. g3 d5 4. Bg2 Bd6 5. c4 c6 6. Nc3 dxc4 7. Nd2 0-0 8. Nxc4 Be7 9. 0-0 Nbd7 10. e4 b5 11. Ne3 b4 12. Ne2 Ba6 13. e5 Nd5 14. Nxd5 cxd5 15. f4 f5 16. exf6 Nxf6 17. f5 exf5 18. Rxf5 Qd7 19. Bh3 Qb5 20. Re5 Bd6 21. Nf4 Bxe5 22. dxe5 Qb6+ 23. Kg2 Ne8 24. Be6+ Kh8 25. Qg4 g5 26. Qxg5 Bf1+ 27. Kh1 Bd3 28. Bxd5 Rd8 29. Be3 Qxe3 30. Qxd8 Be4+ 31. Bxe4 Qxe4+ 32. Kg1 Qe3+ 33. Kg2 Qe4+ 34. Kf2 Qxe5 35. Re1 Qxb2+ 36. Kg1 Qf6 37. Qxe8 1-0

[Event "Groningen op-A 54th"]
[Site "Groningen"]
[Date "2016.12.24"]
[Round "4"]
[White "Maris, Ivo"]
[Black "Gerlagh, Joris"]
[Result "1-0"]
[WhiteElo "2345"]
[BlackElo "2269"]
[PlyCount "69"]
[EventDate "2016.12.21"]
[EventType "swiss"]
[EventRounds "9"]
[EventCountry "NED"]
[SourceTitle "EXT 2018"]
[Source "ChessBase"]
[SourceDate "2017.10.13"]
[SourceVersion "1"]
[SourceVersionDate "2017.10.13"]
[SourceQuality "1"]

1. Nf3 Nf6 2. d4 g6 3. Bf4 Bg7 4. e3 c5 5. c3 b6 6. a4 Bb7 7. a5 cxd4 8. exd4 bxa5 9. Nbd2 0-0 10. Be2 d6 11. h3 Bc6 12. 0-0 Nbd7 13. Nc4 a4 14. Ne3 Nb6 15. c4 Rc8 16. Rc1 Re8 17. Re1 Bxf3 18. Bxf3 e5 19. dxe5 dxe5 20. Bg5 Qxd1 21. Rexd1 e4 22. Be2 Nfd7 23. Rc2 Rc5 24. Nd5 Nxd5 25. Rxd5 Rxd5 26. cxd5 Rb8 27. Rc7 Nb6 28. d6 Bxb2 29. d7 Be5 30. d8Q+ Rxd8 31. Bxd8 Bxc7 32. Bxc7 a3 33. Be5 f5 34. Bd1 Kf8 35. Bd6+ 1-0

[Event "Dieren op"]
[Site "Dieren"]
[Date "2016.07.26"]
[Round "1"]
[White "Ikonnikov, Vyacheslav"]
[Black "Gerlagh, Joris"]
[Result "1-0"]
[WhiteElo "2538"]
[BlackElo "2172"]
[PlyCount "121"]
[EventDate "2016.07.26"]
[EventType "swiss"]
[EventRounds "9"]
[EventCountry "NED"]
[SourceTitle "CBM 173 Extra"]
[Source "ChessBase"]
[SourceDate "2016.08.29"]
[SourceVersion "1"]
[SourceVersionDate "2016.08.29"]
[SourceQuality "1"]

1. d4 Nf6 2. Nf3 g6 3. c4 Bg7 4. Nc3 d5 5. cxd5 Nxd5 6. Bd2 0-0 7. e4 Nb6 8. a4 Bg4 9. a5 N6d7 10. Be3 Nc6 11. Be2 Bxf3 12. gxf3 e5 13. dxe5 Bxe5 14. a6 bxa6 15. Qa4 Bxc3+ 16. bxc3 Qf6 17. 0-0 Nb6 18. Qxa6 Qxc3 19. Rac1 Qf6 20. Rfd1 Rad8 21. Kg2 Rxd1 22. Bxd1 Nd8 23. Rxc7 Ne6 24. Rxa7 Nd7 25. f4 Nb8 26. Qa1 Nxf4+ 27. Kf3 Qxa1 28. Rxa1 Ne6 29. Bh6 Rd8 30. Ke3 Nc6 31. Rc1 Ncd4 32. f4 f5 33. e5 Ra8 34. Rc3 Kf7 35. h4 Ra2 36. Bb3 Nxb3 37. Rxb3 Re2+ 38. Kxe2 Nd4+ 39. Kd3 Nxb3 40. Kc4 Nd2+ 41. Kd5 Nf3 42. Bg5 h6 43. Bxh6 Nxh4 44. e6+ Ke8 45. Ke5 Nf3+ 46. Kf6 Nd4 47. Bg5 Kf8 48. e7+ Ke8 49. Kxg6 Nc6 50. Kxf5 Kf7 51. Bh4 Na7 52. Bf2 Nb5 53. Bc5 Nc3 54. Ke5 Na4 55. Bd4 Kxe7 56. f5 Kf7 57. f6 Kf8 58. Ke6 Ke8 59. f7+ Kf8 60. Kf6 Nc3 61. Bc5# 1-0

[Event "Dortmund Helmut Kohl"]
[Site "Dortmund"]
[Date "2016.07.09"]
[Round "1"]
[White "Ramsdal, Jens Albert"]
[Black "Gerlagh, Joris"]
[Result "0-1"]
[WhiteElo "2204"]
[BlackElo "2172"]
[PlyCount "70"]
[EventDate "2016.07.09"]
[EventType "tourn"]
[EventRounds "9"]
[EventCountry "GER"]
[SourceTitle "CBM 173 Extra"]
[Source "ChessBase"]
[SourceDate "2016.08.29"]
[SourceVersion "1"]
[SourceVersionDate "2016.08.29"]
[SourceQuality "1"]

1. e4 c5 2. Nf3 e6 3. d4 cxd4 4. Nxd4 Nc6 5. Nc3 Qc7 6. Be3 a6 7. Be2 Nf6 8. 0-0 Be7 9. f4 d6 10. a4 0-0 11. Bf3 Bd7 12. Kh1 Rfe8 13. g4 Nxd4 14. Bxd4 e5 15. Be3 exf4 16. Bxf4 Bc6 17. Nd5 Bxd5 18. exd5 Nd7 19. Ra3 Bf6 20. b4 Be5 21. Bg2 Qc4 22. Bd2 Rac8 23. Qf3 Re7 24. Re3 Rce8 25. c3 Nf6 26. g5 Ng4 27. Re4 Qxd5 28. Qd1 Nxh2 29. Rh4 Qd3 30. Rh3 Bg3 31. Rxh2 Bxh2 32. Kxh2 Re2 33. Bf4 Rxg2+ 34. Kxg2 Re2+ 35. Kg1 Qe4 0-1

[Event "NED-ch U18"]
[Site "Rotterdam"]
[Date "2016.05.04"]
[Round "6"]
[White "Gerlagh, Joris"]
[Black "Van Baar, Esper"]
[Result "1/2-1/2"]
[WhiteElo "2225"]
[BlackElo "2053"]
[PlyCount "46"]
[EventDate "2016.04.29"]
[EventType "swiss"]
[EventRounds "9"]
[EventCountry "NED"]
[SourceTitle "CBM 172 Extra"]
[Source "ChessBase"]
[SourceDate "2016.06.21"]
[SourceVersion "1"]
[SourceVersionDate "2016.06.21"]
[SourceQuality "1"]

1. d4 Nf6 2. c4 g6 3. g3 Bg7 4. Bg2 0-0 5. Nc3 d6 6. Nf3 Nc6 7. 0-0 a6 8. h3 Bd7 9. e4 e5 10. d5 Nd4 11. Nxd4 exd4 12. Qxd4 Qc8 13. h4 Ng4 14. Qd1 b5 15. Qe2 Ne5 16. cxb5 axb5 17. Nxb5 Qa6 18. Nc3 Qxe2 19. Nxe2 Rfb8 20. Nc3 Nd3 21. a4 Nxb2 22. Bxb2 Rxb2 23. Rac1 Bd4 1/2-1/2

[Event "NED-ch U18"]
[Site "Rotterdam"]
[Date "2016.05.02"]
[Round "4"]
[White "Gerlagh, Joris"]
[Black "Corstjens, Rolf"]
[Result "1/2-1/2"]
[WhiteElo "2225"]
[BlackElo "2057"]
[PlyCount "91"]
[EventDate "2016.04.29"]
[EventType "swiss"]
[EventRounds "9"]
[EventCountry "NED"]
[SourceTitle "CBM 172 Extra"]
[Source "ChessBase"]
[SourceDate "2016.06.21"]
[SourceVersion "1"]
[SourceVersionDate "2016.06.21"]
[SourceQuality "1"]

1. d4 e6 2. g3 Nf6 3. c4 d5 4. Bg2 dxc4 5. Nf3 Bb4+ 6. Bd2 a5 7. Qc2 Bxd2+ 8. Qxd2 c6 9. a4 0-0 10. Na3 Na6 11. Nxc4 Nb4 12. 0-0 Qc7 13. Rac1 Rd8 14. Nce5 Nfd5 15. Rfd1 Qe7 16. h4 f6 17. Nc4 b5 18. axb5 cxb5 19. Na3 Ba6 20. e4 Nb6 21. Bf1 Qb7 22. Qf4 Nc8 23. Bxb5 Nd6 24. Bxa6 Rxa6 25. d5 exd5 26. exd5 Nxd5 27. Qg4 Nf7 28. Nc4 Qd7 29. Qxd7 Rxd7 30. Ne3 Nb6 31. Rxd7 Nxd7 32. Rc8+ Nf8 33. Nc4 Nd6 34. Nxd6 Rxd6 35. Rb8 Rd1+ 36. Kg2 Kf7 37. Rb7+ Kg6 38. h5+ Kh6 39. Nh4 g6 40. hxg6 hxg6 41. Rf7 Nd7 42. Re7 Rd2 43. Nf3 Rd1 44. Re6 g5 45. Ra6 Rd5 46. Nh2 1/2-1/2

[Event "NED-ch U18"]
[Site "Rotterdam"]
[Date "2016.05.01"]
[Round "3"]
[White "Schoppen, Casper"]
[Black "Gerlagh, Joris"]
[Result "1-0"]
[WhiteElo "2309"]
[BlackElo "2225"]
[PlyCount "73"]
[EventDate "2016.04.29"]
[EventType "swiss"]
[EventRounds "9"]
[EventCountry "NED"]
[SourceTitle "CBM 172 Extra"]
[Source "ChessBase"]
[SourceDate "2016.06.21"]
[SourceVersion "1"]
[SourceVersionDate "2016.06.21"]
[SourceQuality "1"]

1. e4 c5 2. Nf3 e6 3. Be2 Nc6 4. 0-0 Nf6 5. Nc3 Be7 6. d4 cxd4 7. Nxd4 Qc7 8. Be3 a6 9. f4 d6 10. Bf3 0-0 11. a4 Na5 12. Bf2 e5 13. Nde2 Nc4 14. b3 Nb6 15. f5 Bd7 16. a5 Nc8 17. g4 h6 18. h4 Bb5 19. Nd5 Nxd5 20. exd5 Bxe2 21. Qxe2 Qd8 22. Qe1 g5 23. fxg6 fxg6 24. Bg3 Bf6 25. Be4 Ne7 26. Kg2 Qd7 27. Qe2 Bg7 28. c4 Rxf1 29. Rxf1 Rf8 30. Rxf8+ Bxf8 31. Qf3 Bg7 32. Bf2 Qc8 33. Bb6 Kh8 34. Bd3 Qf8 35. Qxf8+ Bxf8 36. Bc7 Kg8 37. Kf3 1-0

[Event "NED-ch U18"]
[Site "Rotterdam"]
[Date "2016.04.30"]
[Round "2"]
[White "Gerlagh, Joris"]
[Black "Brouwer, Jorn"]
[Result "1-0"]
[WhiteElo "2225"]
[BlackElo "1676"]
[PlyCount "47"]
[EventDate "2016.04.29"]
[EventType "swiss"]
[EventRounds "9"]
[EventCountry "NED"]
[SourceTitle "CBM 172 Extra"]
[Source "ChessBase"]
[SourceDate "2016.06.21"]
[SourceVersion "1"]
[SourceVersionDate "2016.06.21"]
[SourceQuality "1"]

1. d4 d6 2. g3 Nf6 3. Bg2 Nbd7 4. c4 c6 5. Nf3 Qc7 6. 0-0 h6 7. Nc3 e5 8. b3 e4 9. Ne1 d5 10. Nc2 b6 11. Bf4 Bd6 12. Bxd6 Qxd6 13. cxd5 cxd5 14. Nb5 Qb8 15. Nb4 Bb7 16. Rc1 0-0 17. Nc7 a5 18. Nxa8 axb4 19. Nc7 Rc8 20. Nb5 Rxc1 21. Qxc1 Ba6 22. Qc6 Bb7 23. Qd6 Ba6 24. Qxb4 1-0

[Event "Groningen op-A 53rd"]
[Site "Groningen"]
[Date "2015.12.23"]
[Round "3"]
[White "Gerlagh, Joris"]
[Black "Maris, Ivo"]
[Result "1/2-1/2"]
[WhiteElo "2159"]
[BlackElo "2352"]
[PlyCount "49"]
[EventDate "2015.12.21"]
[EventType "swiss"]
[EventRounds "9"]
[EventCountry "NED"]
[SourceTitle "CBM 170 Extra"]
[Source "ChessBase"]
[SourceDate "2016.02.25"]
[SourceVersion "1"]
[SourceVersionDate "2016.02.25"]
[SourceQuality "1"]

1. d4 d5 2. c4 e6 3. Nf3 Nf6 4. g3 Be7 5. Bg2 0-0 6. 0-0 dxc4 7. Qc2 a6 8. Qxc4 b5 9. Qc2 Bb7 10. Bd2 Be4 11. Qc1 Nc6 12. Nc3 Nxd4 13. Nxd4 Bxg2 14. Nxe6 Qd7 15. Nxf8 Qh3 16. f3 Bxf1 17. Qxf1 Bc5+ 18. e3 Qxf1+ 19. Kxf1 Kxf8 20. Ke2 Rd8 21. Rc1 Bd6 22. e4 c5 23. Bg5 h6 24. Bxf6 gxf6 25. b3 1/2-1/2

[Event "Groningen op-A 53rd"]
[Site "Groningen"]
[Date "2015.12.22"]
[Round "2"]
[White "Soors, Stef"]
[Black "Gerlagh, Joris"]
[Result "1/2-1/2"]
[WhiteElo "2398"]
[BlackElo "2159"]
[PlyCount "124"]
[EventDate "2015.12.21"]
[EventType "swiss"]
[EventRounds "9"]
[EventCountry "NED"]
[SourceTitle "CBM 170 Extra"]
[Source "ChessBase"]
[SourceDate "2016.02.25"]
[SourceVersion "1"]
[SourceVersionDate "2016.02.25"]
[SourceQuality "1"]

1. e4 c5 2. Nf3 e6 3. c3 d5 4. exd5 exd5 5. d4 Nc6 6. Bb5 Bd6 7. dxc5 Bxc5 8. 0-0 Nge7 9. Nbd2 0-0 10. Nb3 Bb6 11. Re1 Nf5 12. Bd3 h6 13. Bc2 Be6 14. Qd3 Qf6 15. Be3 Bxe3 16. Rxe3 Rfe8 17. Re2 Rad8 18. Rd1 g6 19. h3 Kg7 20. Nbd4 Bd7 21. Rxe8 Rxe8 22. Ba4 Nfxd4 23. Nxd4 Nb4 24. cxb4 Bxa4 25. b3 Bd7 26. Nf3 Bf5 27. Qxd5 Be4 28. Qd4 Bxf3 29. Qxf6+ Kxf6 30. gxf3 Re2 31. a4 Ke7 32. Rd5 Rb2 33. Rb5 b6 34. a5 Rxb3 35. axb6 axb6 36. Kg2 Kf8 37. Rxb6 Kg7 38. h4 Rb1 39. Rb7 Kf6 40. b5 Kg7 41. f4 Rb3 42. b6 Kf6 43. Kf1 Rb2 44. Kg2 Rb3 45. f3 Rb4 46. Kg3 Rb2 47. Kg4 Rg2+ 48. Kh3 Rb2 49. Kg4 Rg2+ 50. Kh3 Rf2 51. Kg3 Rb2 52. Rb8 Kf5 53. Rb7 Kf6 54. Rb8 Kf5 55. h5 gxh5 56. Rb7 f6 57. Rb8 h4+ 58. Kxh4 Kxf4 59. Kh5 f5 60. Kxh6 Kxf3 61. Kg5 f4 62. Rf8 Rxb6 1/2-1/2

[Event "Maastricht Limburg op-A 9th"]
[Site "Maastricht"]
[Date "2015.05.25"]
[Round "6"]
[White "Gerlagh, Joris"]
[Black "Hulshof, Peter"]
[Result "1/2-1/2"]
[WhiteElo "2163"]
[BlackElo "2154"]
[PlyCount "47"]
[EventDate "2015.05.22"]
[EventType "swiss"]
[EventRounds "7"]
[EventCountry "NED"]
[SourceTitle "CBM 166 Extra"]
[Source "ChessBase"]
[SourceDate "2015.06.18"]
[SourceVersion "1"]
[SourceVersionDate "2015.06.18"]
[SourceQuality "1"]

1. d4 g6 2. c4 Bg7 3. Nf3 d6 4. g3 Nf6 5. Bg2 0-0 6. 0-0 Nbd7 7. Nc3 e5 8. e4 h6 9. h3 Nh7 10. Be3 Ng5 11. Nxg5 hxg5 12. Qd2 exd4 13. Bxd4 Ne5 14. b3 c5 15. Bxe5 dxe5 16. Qxd8 Rxd8 17. Rad1 Be6 18. Kh2 Kf8 19. Bf3 Ke7 20. Nd5+ Bxd5 21. Rxd5 Rxd5 22. cxd5 Kd6 23. Be2 Bf6 24. Kg2 1/2-1/2

[Event "Maastricht Limburg op-A 9th"]
[Site "Maastricht"]
[Date "2015.05.25"]
[Round "7"]
[White "Gerlagh, Joris"]
[Black "Perrenet, Jacob"]
[Result "1-0"]
[WhiteElo "2163"]
[BlackElo "2078"]
[PlyCount "69"]
[EventDate "2015.05.22"]
[EventType "swiss"]
[EventRounds "7"]
[EventCountry "NED"]
[SourceTitle "CBM 166 Extra"]
[Source "ChessBase"]
[SourceDate "2015.06.18"]
[SourceVersion "1"]
[SourceVersionDate "2015.06.18"]
[SourceQuality "1"]

1. d4 Nc6 2. Nf3 d5 3. c4 Bg4 4. cxd5 Qxd5 5. Nc3 Qa5 6. e3 e5 7. Qb3 Bxf3 8. gxf3 Qb4 9. dxe5 Qxb3 10. axb3 Bb4 11. f4 Nge7 12. Bd2 0-0 13. Bd3 Rfd8 14. Ke2 Rd7 15. Rhd1 Rad8 16. Be1 a6 17. Bc2 Nd5 18. Nxd5 Bxe1 19. Kxe1 Rxd5 20. Be4 Rxd1+ 21. Rxd1 Rxd1+ 22. Kxd1 Nd8 23. Kd2 g6 24. Kc3 b6 25. b4 Kf8 26. Bd3 b5 27. Be4 Ke7 28. Bd5 h6 29. Kd4 c6 30. Bb3 Nb7 31. Ba2 f5 32. f3 g5 33. fxg5 hxg5 34. f4 g4 35. e4 1-0